| 000 | 00550nam a22001937a 4500 | ||
|---|---|---|---|
| 003 | OSt | ||
| 005 | 20140310181741.0 | ||
| 008 | 130323t xxu||||| |||| 00| 0 eng d | ||
| 020 | _a0963317601 | ||
| 050 |
_aBT 732.7 _b.B571 1992 |
||
| 082 |
_aHS 243.20 _bB46 1992 |
||
| 245 |
_aVictory in the wilderness : _b understanding God's season of preparation / _cJohn Bevere |
||
| 260 |
_aApopka, Florida : _bMessenger Press, _cc1992. |
||
| 300 |
_a171 p. _c22 cm |
||
| 521 | _aFaculty | ||
| 541 | _j1 | ||
| 562 | _e1 | ||
| 942 |
_2lcc _cBK-TR _kTR |
||
| 999 |
_c2772 _d2772 |
||